Statistics for Worst cities to live

Click here to take the quiz!

General Stats

  • This quiz has been taken 8 times
  • The average score is 3 of 10

Answer Stats

% Correct
9.Jakarta
75%
3.Beijing
50%
2.Cairo
50%
8.Dhaka
50%
6.Copenhagen
25%
1.Paris
25%
4.Belgrade
13%
10.Dubai
13%
5.Houston
13%
7.Abuja
0%

Score Distribution

Percentile by Number Answered

Percent of People with Each Score

Your Score History

You have not taken this quiz